LEADER 01296nam a2200301 a 4500 001 000000124894 003 CaOOAMICUS 005 20110331135716.0 008 110331s2010 it f u000 u ita r 020 $a978-88-348-9805-5 040 $aPUL$bita 082 04$a347.45 100 1 $aCosi, Giovanni.$0(OLS)http://pul/name/31570 245 13$aLa mediazione dei conflitti :$bteoria e pratica dei metodi ADR /$cGiovanni Cosi, Giuliana Romualdi. 260 $aTorino :$bG. Giappichelli,$cİ2010. 300 $aX, 253 p. :$btav. ;$c24 cm 504 $aBibliografia p. [251]-253. 650 4$aDiritto privato.$0(OLS)http://pul/subject/2286 650 4$aMediazione (Diritto).$0(OLS)http://pul/subject/18433 700 1 $aRomualdi, Giuliana.$0(OLS)http://pul/name/78905 850 $aPUL 852 $aPUL$W1$xSL Diritto e Scienze Sociali 3$y79$m347. 45 COSGI 1$j143814$qDDC 21$B142827$CPULBib$Z2$F142827 $H116238 $82 941 1 $a9 996 $6020$a978-88-348-9805-5$9(OLS)http://pul/number/146841 996 $6082$a347.45$9(OLS)http://pul/classification/384 996 $6245$aLa mediazione dei conflitti :$bteoria e pratica dei metodi ADR$9(OLS)http://pul/title/157461 996 $6260$aTorino :$bG. Giappichelli$9(OLS)http://pul/publisher/49130 LEADER 01567nam a2200337 u 4500 001 000000046553 003 CaOOAMICUS 005 20070226114803.0 008 990714s1989 it u000 u ita u 020 $a8834314557 035 $a10829705 040 $aPUL(R)$bita 245 00$aTrapianti d'organo :$bprogressi tecnologici, apetti etici, prospettive di legislazione /$ca cura di Adriano Bompiani e Elio Sgreccia. 260 $a[Milano] :$bVita e pensiero,$c1988. 300 $a312 p. ;$c22 cm 490 1 $aScienza, medicina, etica ;$v4 500 $aGlossario p. 307. 650 4$aTrapianto (Chirurgia)$xDiritto e legislazione.$0(OLS)http://pul/subject/3425 650 4$aBioetica.$0(OLS)http://pul/subject/2868 700 1 $aSgreccia, Elio.$0(OLS)http://pul/name/6486 700 1 $aBompiani, Adriano.$0(OLS)http://pul/name/23482 830 0$aScienza, medicina, etica ;$v4.$0(OLS)http://pul/title/12399 850 $aPUL 852 $aPUL$W1$xSL Religione 1$y3$m39 B 98$j62371$nBK-PRI$b $qStampati$B62371$CPULBib$Z2$F62371 $H $81 852 $aPUL$W1$xSL Religione 1$y3$m39 B 104$j62372$nBK-PRI$b $qStampati$B62372$CPULBib$Z2$F62372 $H $81 941 1 $a8 961 $aINV: 62587 961 $aINV: 62768 996 $6020$a8834314557$9(OLS)http://pul/number/58037 996 $6245$aTrapianti d'organo :$bprogressi tecnologici, apetti etici, prospettive di legislazione$9(OLS)http://pul/title/62683 996 $6260$a[Milano] :$bVita e pensiero$9(OLS)http://pul/publisher/49109